• 首页
  • 本馆介绍
  • 公告通知
  • 最新文献
  • 馆藏检索
  • 电子资源
  • 读者导购
  • 参考咨询
  • 我的图书馆
  • 登录
  • 详细信息显示
  • 放入我的书架
  • 预约/预借图书
  • 作者相关作品
  • 分类相关作品
  • 丛书相关作品
  • 出版社相关作品

书目信息

  • 表格格式
  • 工作单格式
  • 卡片格式
题名:
沉积岩
    
 
作者: ;华东石油学院勘探系基础地质、石油地质教研室 主编
分册:  
出版信息: 北京   石油化学工业出版社  1978
页数: 351页
开本: 26cm
丛书名:
单 册:
中图分类: P588.2
科图分类:
主题词: 岩石学
电子资源:
ISBN:
000 00687nam0 2200181 450
001 0660370914
005 20060411164941.12
010    @dCNY2.30
100    @a20060411d1978 km y0chiy0120 ea
101 0  @achi
200 1  @a沉积岩@Achen ji yan@f华东石油学院勘探系基础地质、石油地质教研室主编@Fhua dong shi you xue yuan kan tan xi ji chu di zhi、shi you di zhi jiao yan shi zhu bian
210    @a北京@c石油化学工业出版社@d1978
215 1  @a351页@d26cm
606 0  @a岩石学
690    @aP588.2@v4
711  0 @a华东石油学院勘探系基础地质、石油地质教研室@Ahua dong shi you xue yuan kan tan xi ji chu di zhi、shi you di zhi jiao yan shi@4主编
801  0 @aCN@bPFT@c20060411
905    @a10447@dP588.2@e1
    
    沉积岩/华东石油学院勘探系基础地质、石油地质教研室主编.-北京:石油化学工业出版社,1978
    351页;26cm
    
    
    ISBN :CNY2.30
    
●
相关链接 在E读中查询图书 在五车中查询图书 在当当中查询图书 在豆瓣中查询图书


正题名:沉积岩     索取号:P588.2/1         预约/预借

序号 登录号 条形码 馆藏地/架位号 状态 备注
1 0004991   202255004   密集书库/ [索取号:P588.2/1] 在馆    
唐山师范学院图书馆 欢迎您!
大连网信软件有限公司© 版权所有